Historia 19 i 20 wieku : studia i szkice /

Uložené v:
Podrobná bibliografia
Médium: Kniha
Jazyk:Polish
Vydané: Wrocław : Ossolineum, 1979.
ISBN: (viaz.)
Fyzický popis: 251 strán.
Tagy: Pridať tag
Žiadne tagy, Buďte prvý kto otaguje tento záznam!

MARC

LEADER 00000nam a22000004a 4500
001 000558708
005 20170911160436.0
008 170911s1979 pl e 000 0 pol d
020 |a (viaz.)  |c Kčs 44,00 
040 |a SVKKK  |b slo  |c SVKKK  |e AACR2 
041 0 |a pol 
044 |a pl  |c PL 
245 0 0 |a Historia 19 i 20 wieku :  |b studia i szkice /  |c redaktor Andrzej Garlicki, Józef Ryszard Szafik, Marian Wojciechowski. 
260 |a Wrocław :  |b Ossolineum,  |c 1979. 
300 |a 251 strán. 
700 1 |a Garlicki, Andrzej  |4 red 
700 1 |a Szafik, Józef Ryszard  |4 red 
700 1 |a Wojciechowski, Marian  |4 red 
910 |a svkkk 
998 |a BK 
090 |g SCKHL  |k Sklad Pribinova 1. posch.  |a IV.113214  |j 631178  |i 2720482054  |s Absenčne